000 00445nam a2200169 a 4500
001 3333
005 20180713183254.0
008 140415s1983 mx 000 0 spa d
041 _aspa
082 _a370.11
_bHUE
100 1 _aHUERTA IBARRA, JOSE
245 1 0 _aFINES, METAS Y OBJETIVOS
250 _a1a ed.
260 _aMEXICO :
_bTRILLAS,
_c1983
300 _a219
650 1 4 _aOBJETIVOS EDUCATIVOS
_xPLANIFICACION EDUCATIVA
999 _c3333
_d3333